000 00565nam a2200217Ia 4500
003 OSt
005 20220926042045.0
006 a|||||r|||| 00| 0
007 ta
008 220923b |||||||| |||| 00| 0 eng d
037 _cGeneral Book
040 _aRTL
_cRTL
_beng
041 _2eng
_aeng
082 _aT:2,(sigma), J9
100 _aJarolimek John
_9345782
245 0 _aSocial studies in elementary educaiton
260 _c1959
650 _aEducation
942 _hT:2,(sigma), J9
_cGB
_2CC
999 _c668777
_d668777